<?xml version="1.0" encoding="UTF-8"?><collection xmlns="info:lc/xmlns/marcxchange-v2"><record format="Unimarc" type="bibliographic"><leader>00853cam  2200253   450 </leader><controlfield tag="001">1732796</controlfield><controlfield tag="003">http://id.bnportugal.gov.pt/bib/porbase/1732796</controlfield><controlfield tag="005">20030625161500.0</controlfield><datafield ind1=" " ind2=" " tag="010"><subfield code="a">0-471-59979-4</subfield><subfield code="b">Brochado</subfield><subfield code="d">C.</subfield></datafield><datafield ind1=" " ind2=" " tag="035"><subfield code="9">04692</subfield></datafield><datafield ind1=" " ind2=" " tag="095"><subfield code="a">PTBN01031253</subfield></datafield><datafield ind1=" " ind2=" " tag="100"><subfield code="a">19950912d1993    k  y0pory0103    ba</subfield></datafield><datafield ind1="0" ind2=" " tag="101"><subfield code="a">eng</subfield></datafield><datafield ind1=" " ind2=" " tag="102"><subfield code="a">US</subfield></datafield><datafield ind1="1" ind2=" " tag="200"><subfield code="a">Chemistry</subfield><subfield code="e">the study of matter and its changes</subfield></datafield><datafield ind1=" " ind2=" " tag="210"><subfield code="a">New York</subfield><subfield code="c">John Wiley &amp; Sons</subfield><subfield code="d">1993</subfield></datafield><datafield ind1=" " ind2=" " tag="215"><subfield code="a">1109 p.</subfield></datafield><datafield ind1=" " ind2=" " tag="675"><subfield code="a">54</subfield><subfield code="v">med</subfield><subfield code="z">por</subfield><subfield code="3">288199</subfield></datafield><datafield ind1=" " ind2="1" tag="700"><subfield code="a">Brady</subfield><subfield code="b">James E.</subfield><subfield code="3">157071</subfield></datafield><datafield ind1=" " ind2="1" tag="701"><subfield code="a">Holum</subfield><subfield code="b">John R.</subfield><subfield code="4">070</subfield><subfield code="3">363981</subfield></datafield><datafield ind1=" " ind2="0" tag="801"><subfield code="a">PT</subfield><subfield code="b">BN</subfield><subfield code="g">RPC</subfield></datafield><datafield ind1=" " ind2=" " tag="977"><subfield code="1">54 BRA*Che 1 CE</subfield><subfield code="2">coop</subfield><subfield code="4">UASD</subfield><subfield code="6">efalt328654</subfield><subfield code="7">bc</subfield><subfield code="8">coop</subfield><subfield code="9">UASD</subfield><subfield code="b">16490</subfield><subfield code="k">0</subfield></datafield><datafield ind1=" " ind2=" " tag="977"><subfield code="1">54 BRA+Che 2</subfield><subfield code="2">coop</subfield><subfield code="4">UASD</subfield><subfield code="6">efalt328655</subfield><subfield code="7">bc</subfield><subfield code="8">coop</subfield><subfield code="9">UASD</subfield><subfield code="b">16491</subfield><subfield code="k">0</subfield></datafield><datafield ind1=" " ind2=" " tag="977"><subfield code="1">BRA 541 53164 QM</subfield><subfield code="2">coop</subfield><subfield code="4">UTADBG</subfield><subfield code="6">mq3114136</subfield><subfield code="7">bc</subfield><subfield code="8">coop</subfield><subfield code="9">UTADBG</subfield><subfield code="k">0</subfield></datafield><datafield ind1=" " ind2=" " tag="977"><subfield code="1">BRA 541 53572 SD</subfield><subfield code="2">coop</subfield><subfield code="4">UTADBG</subfield><subfield code="6">mq3114135</subfield><subfield code="7">bc</subfield><subfield code="8">coop</subfield><subfield code="9">UTADBG</subfield><subfield code="k">0</subfield></datafield><datafield ind1=" " ind2=" " tag="998"><subfield code="a">ASD23-617</subfield></datafield></record></collection>